Türkiye'de sosyal demokrasi (Record no. 10859)
[ view plain ]
| 000 -BAŞLIK | |
|---|---|
| Sabit Uzunlukta Kontrol Alanı | 01100na a2200325 4500 |
| 001 - KONTROL NUMARASI | |
| Denetim Alanı | 24498 |
| 003 - KONTROL NUMARASI IDENTIFIER | |
| Denetim Alanı | MIRAKIL |
| 005 - SON İŞLEM TARİHİ VE ZAMANI | |
| Denetim Alanı | 20181213155335.0 |
| 008 - SABİT-BOY VERİ ELEMANLARI - GENEL BİLGİLER | |
| Sabit Uzunlukta Kontrol Alanı | 181121b tu 000 0 |
| 020 ## - ULUSLARARASI STANDART KİTAP NUMARASI | |
| Uluslararası Standart Kitap Numarası | 9754707219 |
| 040 ## - KATALOGLAMA KAYNAK | |
| Orijinal Kataloglama Ajansı | Milas |
| Kataloglama Dili | tur |
| Metne Dönüştürmek Ajansı | TR-AnCHP |
| 041 ## - DİL KODU | |
| Metin / Ses Parça Veya Ayrı Başlığın Dil Kodu | tur |
| 082 ## - DEWEY ONLU SINIFLANDIRMA NUMARASI | |
| Sınıflandırma Numarası | 324.2561072 |
| Ürün Numarası | S13t 1999 |
| 090 ## - SINIFLAMA NUMARASI | |
| Sınıflama Numarası | 324.2561072 S13t 1999 |
| 100 ## - ANA GİRİŞ - KİŞİSEL İSİM | |
| Kişisel Ad | Schüler, Harald |
| 245 ## - BAŞLIK TABLOSU | |
| Başlık | Türkiye'de sosyal demokrasi |
| Başlığın Kalan | particilik, hemşehrilik, alevilik |
| Sorumluluk Tablosu, Vb | Harald Schüler ; çeviren Yılmaz Tonbul |
| 246 ## - UNVAN FORM VARYING | |
| Başlık Doğru / Kısa Başlığı | particilik, hemşehrilik, alevilik |
| 260 ## - YAYIN, DAĞITIM, VB | |
| Yayın, Dağıtım, Vb Yeri | İstanbul |
| Yayıncı, Dağıtıcı, Vs Adı | İletişim Yayınları |
| Yayın, Dağıtım, Vb Tarihi | 1999 |
| Üretici Firma | Şefik Matbaası |
| 300 ## - FİZİKSEL TANIM | |
| Kapsam | 346 s. |
| Diğer Fiziksel Ayrıntıları | grf. , hrt. |
| Boyutlar | 20 sm. |
| 440 ## - SERİSİ TABLOSU / KATMA GİRİŞİ - BAŞLIK | |
| Başlık | İletişim Yayınları |
| Hacim / Ardışık Tanımı | 525 |
| 490 ## - SERİSİ TABLOSU | |
| Seri Beyanı | Araştırma-İnceleme Dizisi |
| Hacim / Ardışık Tanımı | 85 |
| 500 ## - GENEL NOT | |
| Genel Not | Özgün yapıt adı: Die Türkischen Parteien und ihre Mitglieder |
| 504 ## - KAYNAKÇA VB NOT | |
| Kaynakça Vb Notu | Kaynakça var. |
| 650 ## - KONU KATMA GİRİŞ - TOPİKAL DÖNEM | |
| Topikal Süreli Veya Coğrafi Ad Giriş Elemanı | Alevilik |
| Genel Alt Bölümü | Türkiye |
| 650 ## - KONU KATMA GİRİŞ - TOPİKAL DÖNEM | |
| Topikal Süreli Veya Coğrafi Ad Giriş Elemanı | Sosyal demokrasi |
| Genel Alt Bölümü | Türkiye |
| 650 ## - KONU KATMA GİRİŞ - TOPİKAL DÖNEM | |
| Topikal Süreli Veya Coğrafi Ad Giriş Elemanı | Siyaset ve yönetim |
| Genel Alt Bölümü | Türkiye |
| 700 ## - KATMA GİRİŞ - KİŞİSEL İSİM | |
| Kişisel Ad | Tonbul, Yılmaz |
| 740 ## - KATMA GİRİŞ - KONTROLSUZ İLGİLİ / ANALİTİK BAŞLIK | |
| Kontrol Edilmeyen / İlgili Analitik Başlıktaki | particilik, hemşehrilik, alevilik |
| 942 ## - EKLENDİ GİRİŞ ELEMANLARI (KOHA) | |
| Sınıflandırma Veya Raf Düzeni Kaynak | |
| Koha Öğesi Türü | Books |
| 999 ## - SİSTEM KONTROL NUMARALARI (KOHA) | |
| Koha Biblionumber | 10859 |
| Koha Biblioitemnumber | 10859 |
| Kalıcı Konum | Mevcut Konum | Edinme Tarihi | Edinim Kaynak | Toplam Check-Out'Lar | Tam Çağrı Numarası | Barkod | Tarih Son Görülme | İtibaren Geçerli Fiyatlar | Sigara Kamu Notu | Koha Öğesi Türü |
|---|---|---|---|---|---|---|---|---|---|---|
| CHP Kütüphanesi | CHP Kütüphanesi | 11/21/2018 | Bağış | 324.2561072 S13t 1999 | 018435 | 11/21/2018 | 11/21/2018 | Bağışlayan: Ertuğrul Çepni | Books |
